000 00564nam a2200157 i 4500
001 146055
003 ES-MaACL
005 20230906201411.0
007 t|
008 071018s1946 sp ||||1| spa d
100 1 _aVega Gutiérrez, José de la.
_9113607
245 1 0 _aCartas comerciales
_b: técnica y formulario de correspondencia, con un apéndice referente a contratos y escritos judiciales /
_cpor José de la Vega Gutiérrez.
260 _aMadrid :
_b[s.n.,
_c1946] (
_fImpr. Torrent)
300 _a246 p. ;
_c19 cm.
852 _aES-MaACL
_jB-9494
_bR.18027
999 _c146055
_d146055